[Event "Tuzla"]
[Site "Tuzla"]
[Date "1990.??.??"]
[Round "10"]
[White "Angelov, Georgi"]
[Black "Vasiljevic, Bozidar"]
[Result "1-0"]
[WhiteElo "2335"]
[BlackElo "2260"]
[PlyCount "71"]
[EventDate "1990.??.??"]
[EventType "tourn"]
[EventRounds "13"]
[EventCountry "YUG"]
[EventCategory "5"]
[SourceTitle "EXT 1997"]
[Source "ChessBase"]
[SourceDate "1996.11.15"]
[SourceVersion "1"]
[SourceVersionDate "1996.11.15"]
[SourceQuality "1"]

1. e4 c5 2. Nc3 Nc6 3. Nf3 g6 4. d4 cxd4 5. Nxd4 Bg7 6. Nde2 Nf6 7. g3 0-0 8. Bg2 d6 9. 0-0 Bd7 10. h3 Rc8 11. Be3 a6 12. Nd5 Nxd5 13. exd5 Ne5 14. b3 Be8 15. a4 Nd7 16. Ra2 a5 17. c4 Nc5 18. Bd4 Qc7 19. Bxg7 Kxg7 20. Nd4 e5 21. dxe6 fxe6 22. Rd2 e5 23. Nb5 Bxb5 24. axb5 Rcd8 25. Kh2 Rd7 26. Bd5 Rf6 27. Re2 g5 28. f4 gxf4 29. gxf4 Rxf4 30. Rg2+ Kh8 31. Re1 b6 32. Re3 Rd8 33. Reg3 Rff8 34. Qg1 Qc8 35. Qe3 Rf4 36. Rg7 1-0

[Event "Tuzla"]
[Site "Tuzla"]
[Date "1990.??.??"]
[Round "7"]
[White "Vasiljevic, Bozidar"]
[Black "Filipowicz, Andrzej"]
[Result "0-1"]
[WhiteElo "2260"]
[BlackElo "2385"]
[PlyCount "52"]
[EventDate "1990.??.??"]
[EventType "tourn"]
[EventRounds "13"]
[EventCountry "YUG"]
[EventCategory "5"]
[SourceTitle "EXT 1997"]
[Source "ChessBase"]
[SourceDate "1996.11.15"]
[SourceVersion "1"]
[SourceVersionDate "1996.11.15"]
[SourceQuality "1"]

1. e4 c5 2. Nf3 e6 3. c3 Nf6 4. e5 Nd5 5. d4 cxd4 6. cxd4 Nc6 7. Nc3 d6 8. Nxd5 exd5 9. Be2 dxe5 10. Nxe5 Qb6 11. Nxc6 bxc6 12. 0-0 Be7 13. Qc2 0-0 14. Be3 a5 15. Rac1 Bd7 16. Bd3 g6 17. f4 Bf6 18. Qf2 Rfe8 19. Kh1 Bf5 20. Bxf5 gxf5 21. Rc3 Re6 22. Qc2 Rae8 23. Bg1 Bxd4 24. Qxf5 Bxg1 25. Rb3 Qd4 26. Rxg1 Re1 0-1

[Event "Tuzla"]
[Site "Tuzla"]
[Date "1990.??.??"]
[Round "5"]
[White "Vasiljevic, Bozidar"]
[Black "Palos, Osman"]
[Result "1/2-1/2"]
[WhiteElo "2260"]
[BlackElo "2370"]
[PlyCount "105"]
[EventDate "1990.??.??"]
[EventType "tourn"]
[EventRounds "13"]
[EventCountry "YUG"]
[EventCategory "5"]
[SourceTitle "EXT 1997"]
[Source "ChessBase"]
[SourceDate "1996.11.15"]
[SourceVersion "1"]
[SourceVersionDate "1996.11.15"]
[SourceQuality "1"]

1. d4 Nf6 2. c4 g6 3. Nc3 Bg7 4. e4 d6 5. Nf3 0-0 6. Be2 Nbd7 7. 0-0 e5 8. dxe5 dxe5 9. Qc2 c6 10. Rd1 Qc7 11. b3 Re8 12. Ba3 Bf8 13. Bxf8 Nxf8 14. h3 Nh5 15. Rd2 Nf4 16. Bf1 Qe7 17. Ne2 g5 18. Nxf4 gxf4 19. Rad1 c5 20. Qd3 f6 21. Qd6 Ne6 22. Qxe7 Rxe7 23. Rd6 Kf7 24. Be2 b6 25. Nh4 Nd4 26. Bh5+ Kg7 27. Bg4 Bxg4 28. hxg4 Rf7 29. f3 h5 30. Nf5+ Kg6 31. Nxd4 cxd4 32. gxh5+ Kh6 33. Kf2 Rg8 34. Rh1 Rg5 35. a4 Rxh5 36. Rxh5+ Kxh5 37. Rd8 Rg7 38. Rh8+ Kg6 39. g3 fxg3+ 40. Kxg3 Rd7 41. Rh2 d3 42. Rd2 Kg5 43. b4 Rd4 44. c5 Rxb4 45. cxb6 axb6 46. Rxd3 Rxa4 47. Rb3 Ra6 48. Rb5 Kh6 49. Kg4 Kg7 50. Kf5 Kf7 51. Rb3 Ke7 52. Rb5 Ra3 53. Kg4 1/2-1/2

[Event "Tuzla"]
[Site "Tuzla"]
[Date "1989.??.??"]
[Round "4"]
[White "Milovanovic, Rade"]
[Black "Vasiljevic, Bozidar"]
[Result "1/2-1/2"]
[WhiteElo "2415"]
[BlackElo "2225"]
[PlyCount "100"]
[EventDate "1989.??.??"]
[EventType "tourn"]
[EventRounds "13"]
[EventCountry "YUG"]
[EventCategory "4"]
[SourceTitle "EXT 1998"]
[Source "ChessBase"]
[SourceDate "1997.11.17"]
[SourceVersion "1"]
[SourceVersionDate "1997.11.17"]
[SourceQuality "1"]

1. e4 c6 2. d4 d5 3. Nd2 dxe4 4. Nxe4 Nd7 5. Ng5 Ngf6 6. Bd3 e6 7. N1f3 Bd6 8. c3 Qc7 9. Qe2 h6 10. Ne4 Nxe4 11. Bxe4 Nf6 12. Bc2 b6 13. Ne5 Bb7 14. 0-0 0-0 15. Re1 c5 16. dxc5 Bxc5 17. Bf4 Rad8 18. Bg3 Qc8 19. Bh4 Be7 20. a4 Qc5 21. Rad1 Rxd1 22. Rxd1 Rd8 23. Rxd8+ Bxd8 24. Qd3 Qd5 25. Qxd5 Bxd5 26. f3 g5 27. Bf2 Kf8 28. c4 Bb7 29. a5 Bc7 30. Bg3 Bd8 31. axb6 axb6 32. Ba4 Ke7 33. Be1 Kf8 34. Bf2 Bc7 35. Bd4 Ke7 36. b4 Ne8 37. Nd7 Bd6 38. c5 bxc5 39. bxc5 Bc7 40. c6 Ba8 41. g4 Kd6 42. Be5+ Kd5 43. Bxc7 Nxc7 44. Nf6+ Kc5 45. Ng8 Kb4 46. Bd1 Bxc6 47. Nxh6 Be8 48. Ng8 Nd5 49. Kf2 Kc4 50. Be2+ Kd4 1/2-1/2

[Event "Tuzla"]
[Site "Tuzla"]
[Date "1989.??.??"]
[Round "2"]
[White "Vasiljevic, Bozidar"]
[Black "Novikov, Igor A"]
[Result "1/2-1/2"]
[WhiteElo "2225"]
[BlackElo "2490"]
[PlyCount "40"]
[EventDate "1989.??.??"]
[EventType "tourn"]
[EventRounds "13"]
[EventCountry "YUG"]
[EventCategory "4"]
[SourceTitle "EXT 1998"]
[Source "ChessBase"]
[SourceDate "1997.11.17"]
[SourceVersion "1"]
[SourceVersionDate "1997.11.17"]
[SourceQuality "1"]

1. d4 Nf6 2. c4 e6 3. g3 d5 4. Bg2 dxc4 5. Nf3 a6 6. Ne5 c5 7. Be3 Nd5 8. dxc5 Nd7 9. Bd4 Nxe5 10. Bxe5 Bxc5 11. Bxg7 Rg8 12. Be5 Qg5 13. Bd4 Bxd4 14. Qxd4 Qc1+ 15. Qd1 Qxb2 16. Nd2 b5 17. 0-0 Bb7 18. Nxc4 Qb4 19. Nb6 Rd8 20. Nxd5 Bxd5 1/2-1/2

[Event "Tuzla"]
[Site "Tuzla"]
[Date "1989.??.??"]
[Round "11"]
[White "Vasiljevic, Bozidar"]
[Black "Rosic, Slavko S"]
[Result "1/2-1/2"]
[WhiteElo "2225"]
[BlackElo "2280"]
[PlyCount "20"]
[EventDate "1989.??.??"]
[EventType "tourn"]
[EventRounds "13"]
[EventCountry "YUG"]
[EventCategory "4"]
[SourceTitle "EXT 1998"]
[Source "ChessBase"]
[SourceDate "1997.11.17"]
[SourceVersion "1"]
[SourceVersionDate "1997.11.17"]
[SourceQuality "1"]

1. d4 d5 2. Nf3 Nf6 3. c4 c6 4. Nc3 dxc4 5. a4 Bf5 6. e3 e6 7. Bxc4 Be7 8. 0-0 Nbd7 9. Qe2 Nb6 10. Bd3 Ne4 1/2-1/2